<?xml version="1.0" encoding="UTF-8"?>
<record
    xmlns:xsi="http://www.w3.org/2001/XMLSchema-instance"
    xsi:schemaLocation="http://www.loc.gov/MARC21/slim http://www.loc.gov/standards/marcxml/schema/MARC21slim.xsd"
    xmlns="http://www.loc.gov/MARC21/slim">

  <leader>01859nam a22002417a 4500</leader>
  <controlfield tag="005">20211218103730.0</controlfield>
  <controlfield tag="008">211218b           ||||| |||| 00| 0 eng d</controlfield>
  <datafield tag="020" ind1=" " ind2=" ">
    <subfield code="a">1897829515</subfield>
  </datafield>
  <datafield tag="040" ind1=" " ind2=" ">
    <subfield code="c">AL</subfield>
  </datafield>
  <datafield tag="082" ind1=" " ind2=" ">
    <subfield code="2">23</subfield>
    <subfield code="a">954.6</subfield>
    <subfield code="b">SAKA</subfield>
  </datafield>
  <datafield tag="100" ind1=" " ind2=" ">
    <subfield code="a">SAKLANI (D D)</subfield>
    <subfield code="9">11820</subfield>
  </datafield>
  <datafield tag="245" ind1=" " ind2=" ">
    <subfield code="a">Kashmir Saga: A Bundle of Blunders</subfield>
  </datafield>
  <datafield tag="260" ind1=" " ind2=" ">
    <subfield code="a">New Delhi</subfield>
    <subfield code="b">Lancer Publishers</subfield>
    <subfield code="c">New Delhi</subfield>
  </datafield>
  <datafield tag="300" ind1=" " ind2=" ">
    <subfield code="a">216 p,</subfield>
    <subfield code="b">HB</subfield>
    <subfield code="c">22x14 cm.</subfield>
  </datafield>
  <datafield tag="365" ind1=" " ind2=" ">
    <subfield code="b">395.00</subfield>
    <subfield code="c">&#x20B9;</subfield>
    <subfield code="d">395.00</subfield>
  </datafield>
  <datafield tag="520" ind1=" " ind2=" ">
    <subfield code="a">J&amp;K is a complicated problem, compounded by various internal and external factors. Unfortunately the issue has not remained confined to India and Pakistan only but has become a pawn in global and regional power politics.
Based on his unique personal experiences, first as a soldier and then as the Security Adviser to the Governor, the author has sketched out the intrigues and blunders which plunged the state into its present state of militancy of disturbing magnitude, causing untold trouble and suffering to the people. The book tells the story of J&amp;K forged by its ironic destiny and by the uncertainties and instabilities of Indian policies.
Many pertinent questions arise. Who were the persons responsible for bringing about such a situation in the state and for how long do its people have to suffer the miseries? Is there to be an end to this bloodletting or will the conflict continue as hithertofore?
One may wonder what led to the great tragedy in the state. There have been genuine grievances of the people which have not been adequately addressed. Political and administrative lapses created resentments, which have been and continue to be exploited by outside powers.</subfield>
  </datafield>
  <datafield tag="650" ind1=" " ind2=" ">
    <subfield code="a">Insurgency </subfield>
    <subfield code="9">11816</subfield>
  </datafield>
  <datafield tag="650" ind1=" " ind2=" ">
    <subfield code="a">Internal Security</subfield>
    <subfield code="9">11817</subfield>
  </datafield>
  <datafield tag="650" ind1=" " ind2=" ">
    <subfield code="a">Politics and Government</subfield>
    <subfield code="9">11818</subfield>
  </datafield>
  <datafield tag="650" ind1=" " ind2=" ">
    <subfield code="a">Indian History</subfield>
    <subfield code="9">11819</subfield>
  </datafield>
  <datafield tag="700" ind1=" " ind2=" ">
    <subfield code="a">SAKLANI (D D)</subfield>
    <subfield code="9">11815</subfield>
  </datafield>
  <datafield tag="942" ind1=" " ind2=" ">
    <subfield code="2">ddc</subfield>
    <subfield code="c">GF</subfield>
  </datafield>
  <datafield tag="999" ind1=" " ind2=" ">
    <subfield code="c">220971</subfield>
    <subfield code="d">220971</subfield>
  </datafield>
  <datafield tag="952" ind1=" " ind2=" ">
    <subfield code="0">0</subfield>
    <subfield code="1">0</subfield>
    <subfield code="2">ddc</subfield>
    <subfield code="4">0</subfield>
    <subfield code="7">0</subfield>
    <subfield code="8">HIS</subfield>
    <subfield code="a">AL</subfield>
    <subfield code="b">AL</subfield>
    <subfield code="d">2021-12-18</subfield>
    <subfield code="l">0</subfield>
    <subfield code="o">954.6 SAKA</subfield>
    <subfield code="p">GF00889</subfield>
    <subfield code="r">2021-12-18 00:00:00</subfield>
    <subfield code="w">2021-12-18</subfield>
    <subfield code="y">GF</subfield>
  </datafield>
</record>
